| 000 | 00529nam a2200145 a 4500 | ||
|---|---|---|---|
| 001 | 000029057 | ||
| 005 | 20200930055314.0 | ||
| 008 | 110413s2008 dr 000 0 spa d | ||
| 040 |
_aDO-SdBNP _bspa _cBNPHU |
||
| 082 |
_axxx _bQ7m |
||
| 245 | 0 | 0 |
_aQuince minutos en compañía con Jesús Sacramentado : _bSiete estaciones al Santísimo Sacramento. |
| 246 | 0 | 2 |
_a15 minutos en compañía con Jesús Sacramentado : _b7 estaciones al Santísimo Sacramento |
| 260 |
_aSanto Domingo : _bEdiciones MSC, _c2008. |
||
| 300 |
_a48 p. ; _c14 cm. |
||
| 999 |
_c28549 _d28549 |
||